| Tag |
First Indicator |
Second Indicator |
Subfields |
| LEADER |
00000cam a22000001a 4500 |
| 001 |
in00003672649 |
| 005 |
20190408173131.0 |
| 006 |
m o d f |
| 007 |
cr bn mmmapmmp |
| 008 |
141211s1905 dcu o f000 0 eng d |
| 035 |
|
|
|a ebd1909600426
|
| 040 |
|
|
|a UMI
|c UMI
|d UtOrBLW
|
| 086 |
0 |
|
|a P 1.5:Or 3/2
|
| 099 |
|
|
|a P105-31.2
|
| 110 |
1 |
|
|a United States.
|b Postmaster General.
|0 http://id.loc.gov/authorities/names/n88144092
|
| 245 |
1 |
0 |
|a Advertisement inviting proposals for carrying mails of U.S. in State of Oregon, from July 1, 1906 to June 30, 1910.
|
| 264 |
|
1 |
|a [Washington] :
|b GPO,
|c 1905.
|
| 300 |
|
|
|a 1 online resource (86 pages)
|
| 336 |
|
|
|a text
|b txt
|2 rdacontent
|
| 337 |
|
|
|a computer
|b c
|2 rdamedia
|
| 338 |
|
|
|a online resource
|b cr
|2 rdacarrier
|
| 533 |
|
|
|a Electronic reproduction.
|b [Bethesda, Md.] :
|c ProQuest,
|d 2014.
|e digital, PDF file.
|n ProQuest U.S. Executive Branch Documents
|n Mode of access: World Wide Web via ProQuest website.
|
| 588 |
|
|
|a Record is based on online resource; title from PDF title page (ProQuest, last viewed Dec. 2014). Reuse except for individual research requires license from ProQuest, LLC.
|
| 500 |
|
|
|a Electronic resource.
|
| 650 |
|
0 |
|a Cities and towns.
|0 http://id.loc.gov/authorities/subjects/sh85026130
|
| 650 |
|
0 |
|a Surety and fidelity insurance.
|0 http://id.loc.gov/authorities/subjects/sh85067033
|
| 651 |
|
0 |
|a Oregon.
|0 http://id.loc.gov/authorities/names/n79021953
|
| 655 |
|
7 |
|a Electronic books.
|2 local
|
| 856 |
4 |
0 |
|u http://proxy.library.tamu.edu/login?url=http://congressional.proquest.com/congressional/docview/t66.d71.p105-31.2
|z Connect to the full text of this electronic document
|t 0
|
| 999 |
f |
f |
|s 6a27f797-ba8c-32d4-bb68-28ee5607aa51
|i f245d749-1ce0-3d06-8c02-5d73b8670605
|t 0
|
| 952 |
f |
f |
|a Texas A&M University
|b College Station
|c Electronic Resources
|d Available Online
|t 0
|h No information provided
|
| 998 |
f |
f |
|t 0
|l Available Online
|